A geological map of England, Wales, and part of Scotland (Record no. 114611)

MARC details
000 -LEADER
fixed length control field 01062cem a22002175a 4500
001 - CONTROL NUMBER
control field L157121
008 - FIXED-LENGTH DATA ELEMENTS--GENERAL INFORMATION
fixed length control field 120904s1837 xxk f 000 0 eng d
035 ## - SYSTEM CONTROL NUMBER
System control number (Sirsi) u157121
041 0# - LANGUAGE CODE
Language code of text/sound track or separate title eng
100 1# - MAIN ENTRY--PERSONAL NAME
Personal name Walker, John
Dates associated with a name 1786-1873
245 02 - TITLE STATEMENT
Title A geological map of England, Wales, and part of Scotland
Remainder of title showing also the inland navigation by means of rivers and canals, with their elevation in feet above the sea, together with the rail roads & principal roads / by J. and C. Walker
260 ## - PUBLICATION, DISTRIBUTION, ETC.
Place of publication, distribution, etc. London
Name of publisher, distributor, etc. J. and C. Walker
Date of publication, distribution, etc. [1837]
300 ## - PHYSICAL DESCRIPTION
Extent 1 map
Other physical details col., dissected and mounted on linen
Dimensions 144 x 100 cm. folded to 25 x 16 cm. in slip case, 26 cm.
520 ## - SUMMARY, ETC.
Summary, etc. "Metalliferous tracts of England and Wales" contributed by Frederick Burr.
520 ## - SUMMARY, ETC.
Summary, etc. Cover title: Walker's Map of the Geology, Railways, and Inland Navigation, of England and Wales, and the Southern Part of Scotland.
583 ## - ACTION NOTE
Action Condition reviewed
Time/date of action 20120620
Status condition level
651 #4 - SUBJECT ADDED ENTRY--GEOGRAPHIC NAME
Geographic name Great Britain
Chronological subdivision 1707-
690 ## - LOCAL SUBJECT ADDED ENTRY--TOPICAL TERM (OCLC, RLIN)
Topical term or geographic name as entry element Geomatics
9 (RLIN) 6242
700 1# - ADDED ENTRY--PERSONAL NAME
Personal name Walker, Charles
942 ## - ADDED ENTRY ELEMENTS (KOHA)
Suppress in OPAC 0
Holdings
Withdrawn status Lost status Source of classification or shelving scheme Damaged status Not for loan Home library Current library Shelving location Date acquired Total Checkouts Full call number Barcode Date last seen Copy number Price effective from Koha item type
    Dewey Decimal Classification     Historic collection Historic collection Historic collection 04/09/2012   MAP 1837 WALKER 30077035 06/08/2019 1 06/08/2019 Book